000 00684nam a2200289Ia 4500
005 20260324144411.0
008 008 260324s9999 xx 000 0 eng d
020 _a9781315238357
037 _aEBOOK
040 _aCRL
040 _beng
040 _cCRL
041 _2eng
041 _aeng
084 _qCRL
100 _aAlan B. Cobban
_91219186
245 4 _aThe Medieval English Universities
245 0 _bOxford and Cambridge to c. 1500
260 _bTaylor and Francis
260 _c1988
365 _a
365 _b230
856 _uhttp://www.taylorfrancis.com/books/9781315238357
942 _cEBOOK
999 _c1825753
_d1825753